Bytový dom

Guardado en:
Detalles Bibliográficos
Autor principal: Jandurová, Ľubica (Autor)
Otros Autores: Gašparík, Jozef (Orientador)
Formato: Manuscrito Libro
Lenguaje:eslovaco
Publicado: 2017
Materias:
Acceso en línea:http://is.stuba.sk/zp/portal_zp.pl?podrobnosti=116836
https://opac.crzp.sk/?fn=detailBiblioForm&sid=B7A4F0D5DE0EE4D8FC5272CD7EE5
Etiquetas: Agregar Etiqueta
Sin Etiquetas, Sea el primero en etiquetar este registro!

MARC

LEADER 00000ntm a22000003a 4500
001 stuzp63691
003 SK-STU
005 20230531115241.2
007 ta
008 150427s2015----xo-----f-mn---000-0-slo-d
040 |a STU  |b slo 
041 0 |a slo 
100 1 |a Jandurová, Ľubica  |u 010270  |4 aut  |U SvF Stavebná fakulta  |T SvF Katedra technológie stavieb  |X 75516  |U V270  |Y 28  |7 75516 
242 0 1 |a Flat house  |y eng 
245 1 0 |a Bytový dom 
260 |c 2017 
650 4 |a projekt organizácie výstavby  |2 slo 
650 4 |a časový plán  |2 slo 
650 4 |a technologický predpis  |2 slo 
650 4 |a a time plan  |2 eng 
650 4 |a a project of a construction organization  |2 eng 
650 4 |a a technological prescription  |2 eng 
700 1 |a Gašparík, Jozef  |u 010270  |k Z1  |4 ths  |U SvF Stavebná fakulta  |T SvF Katedra technológie stavieb  |X 2737  |U V270  |Y 28  |7 A000002737 
856 4 |u http://is.stuba.sk/zp/portal_zp.pl?podrobnosti=116836 
856 4 |u https://opac.crzp.sk/?fn=detailBiblioForm&sid=B7A4F0D5DE0EE4D8FC5272CD7EE5